LEADER 01179nam a2200229 4500 001 000000336092 003 CaOOAMICUS 005 20190821121709.0 008 190821s1824 fr a 000 u fre r 026 $ansts s,es p-a- d'qu (3) 1824 (A) 040 $aSeMil$bita 245 00$aTome 1. 264 1$aA Paris :$bChez Etienne Ledoux, libraire, rue Guénegaud, n° 9,$c1824. 300 $aXX, 279, [1] p., [11] carte di tav. :$bill. ;$c8° 700 11$aDepping, Georges Bernard.$0(OLS)http://semarc/name/110106 752 $afr$dParigi 773 0 $aDepping, Georges Bernard$tJeunes voyageurs en France, ou lettres sur les départemens; Ouvrage rédigé par L.N.A. et C.T. entièrement revu et en partie refondu par m.G.-B. Depping. ... Tome premier [-6].$dA Paris : Chez Etienne Ledoux, libraire, rue Guénegaud, n° 9, 1824.$bNouvelle édition$w()336090 850 $aSeMil 852 $aSeMil$W1$xVenegono$y1$m4Y II 11 FA$j215418$B227923$CSeMilBibl$Z2$F227923 $8I 996 $6245$aTome 1$9(OLS)http://semarc/title/1447 996 $6264$aA Paris :$bChez Etienne Ledoux, libraire, rue Guénegaud, n° 9$9(OLS)http://semarc/publisher/58491 LEADER 00909nam a2200241 i 4500 001 000000186656 003 CaOOAMICUS 005 20100303000000.0 008 100303s1960 it u000 u ita u 013 $a164710 040 $aSeMil$bita 100 0 $aDionysius : Areopagita,$d.$0(OLS)http://semarc/name/2695 245 14$aUna strada a Dio /$cTesti di Dionigi l'Areopagita ; tradotti da Piero Scazzoso. 260 $aRoma :$bGIAC,$c1960. 300 $a117 p. ;$c20 cm. 500 $aTesto greco e versione a fronte. 700 1 $aScazzoso, Piero <1912-1975>.$0(OLS)http://semarc/name/16744 850 $aSeMil 852 $aSeMil$W1$xVenegono$y1$m2T I 251$j137343$B137343$CSeMilBibl$Z2$F148853 $81 900 1 $aDionigi : Areopagita. 996 $6245$aUna strada a Dio$9(OLS)http://semarc/title/210019 996 $6260$aRoma :$bGIAC$9(OLS)http://semarc/publisher/34804